000 00476nam a22001697a 4500
005 20251108164015.0
008 250721s1977 xx 000 0 ara d
082 1 4 _a136.7354/يوس
100 1 _aأسعد، يوسف ميخائيل
245 1 0 _aرعاية المراهقين /
264 1 _aالقاهرة :
_bمكتبة غريب،
_c1977.
300 _a250ص
650 1 7 _aالمراهقة
650 1 7 _aسيكولوجية النمو
942 _2ddc
_cBK
999 _c1263
_d1263